000 00452nam a2200169Ia 4500
005 20250508153853.0
008 008 250505s9999 xx 000 0 hin d
037 _aTextual
040 _aFEDL
_beng
_cFEDL
041 _ahin
_2hin
084 _a891.431, SHE
_qFEDL
245 0 _aEk aur anek chhann
260 _aBanaras, India
_bSaraswati Press
_c1951
300 _a116p
942 _cTEXL
_h891.431, SHE
999 _c1346059
_d1346059